banner-ar

يوم عادت الملكة القديمة (هدية من الاديب عبدالفتاح الجمل) / (Record no. 38407)

MARC details
000 -الفاتح
حقل البيانات ثابتة الطول 00723nam a2200229Ia 4500
008 - عناصر البيانات ثابتة الطول - معلومات عامة
حقل البيانات ثابتة الطول 140319s9999 xx 000 0 ara d
040 ## - مصدر الفهرسة
وكالة الفهرسة الأصلية GCL /
وكالة النسخ GCL
082 04 - رقم تصنيف ديوى العشرى
رقم التصنيف ط
رقم المادة 595.799
-- ص ى
100 1# - المدخل الرئيسى - إسم شخصى
الإسم الشخصى صنع الله ابراهيم
245 10 - بيان العنوان
العنوان يوم عادت الملكة القديمة (هدية من الاديب عبدالفتاح الجمل) /
بيان المسئوليه,etc صنع الله ابراهيم
300 ## - الوصف المادى
التعداد 120 ص
490 ## - بيان السلسلة
عنوان السلسلة مكتبة الروايات العلمية
رقم المجلد/ التعيين التسلسلي 0
650 04 - المدخل الاضافى بالموضوع-مصطلح موضوعى
مصطلح موضوعي عسل النحل
650 04 - المدخل الاضافى بالموضوع-مصطلح موضوعى
مصطلح موضوعي الحشرات
650 04 - المدخل الاضافى بالموضوع-مصطلح موضوعى
مصطلح موضوعي النحل
650 04 - المدخل الاضافى بالموضوع-مصطلح موضوعى
مصطلح موضوعي خلايا
650 04 - المدخل الاضافى بالموضوع-مصطلح موضوعى
مصطلح موضوعي شمع النحل
650 04 - المدخل الاضافى بالموضوع-مصطلح موضوعى
مصطلح موضوعي ملكات
650 04 - المدخل الاضافى بالموضوع-مصطلح موضوعى
مصطلح موضوعي الحشرات النافعة
942 ## - عناصر المدخل الإضافي( كوها)
مصدر التصنيف او مخطط الترفيف Dewey Decimal Classification
Koha [default] item type كتاب
Holdings
حالة التراجع حالة الفقد حالة تلف ليس للاعارة المكان المؤقت الموقع الحالى تاريخ الاكتساب اجمالي اﻻعارات رقم الطلب الباركود تاريخ اخر مشاهدة تاريخ تفعيل السعر نوع وعاء كوها
        مكتبة القاهرة الكبرى مكتبة القاهرة الكبرى 03/26/2014   ط\595.799\ص ى 93595 03/26/2014 03/26/2014 كتاب

Powered By

EGPV